Helping children with dyspraxia (Record no. 15294)
[ view plain ]
| 000 -LEADER | |
|---|---|
| fixed length control field | 01334nam a2200349 a 4500 |
| 082 04 - DEWEY DECIMAL CLASSIFICATION NUMBER | |
| Classification number | 618.927 |
| 100 1# - MAIN ENTRY--AUTHOR NAME | |
| Personal name | Boon, Maureen, |
| 245 10 - TITLE STATEMENT | |
| Title | Helping children with dyspraxia |
| 260 ## - PUBLICATION, DISTRIBUTION, ETC. (IMPRINT) | |
| Place of publication | London : |
| Name of publisher | Jessica Kingsley Publishers, |
| Year of publication | 2001. |
| 300 ## - PHYSICAL DESCRIPTION | |
| Number of Pages | 111 p. : |
| Other physical details | ill. |
| 650 #0 - SUBJECT ADDED ENTRY--TOPICAL TERM | |
| Topical Term | Apraxia |
| Topical Term | Motor ability in children |
| Topical Term | Movement disorders in children |
| 856 40 - ELECTRONIC LOCATION AND ACCESS | |
| Uniform Resource Identifier | http://site.ebrary.com/lib/rucke/Doc?id=5004054 |
No items available.
